000 00465cam a2200145 4500500
005 20260329013001.0
041 _afre
042 _adc
100 1 0 _aEuvé, François
_eauthor
245 0 0 _a Demain la physique , Odile Jacob, 2004, 380 pages, 29 €
260 _c2005.
500 _a30
786 0 _nÉtudes | 402 | 2 | 2005-02-01 | p. XXIV-XXIV | 0014-1941
856 4 1 _uhttps://shs.cairn.info/revue-etudes-2005-2-page-XXIV?lang=fr&redirect-ssocas=7080
999 _c1876153
_d1876153